Statistics for All Goalies of Nashville Predators

Click here to take the quiz!

General Stats

  • This quiz has been taken 9 times
  • The average score is 6 of 21

Answer Stats

YearsNationalityAnswerGP% Correct
2015-presentFINJuuse Saros222
100%
2005-2021FINPekka Rinne683
100%
1998-2008CANChris Mason135
50%
2012-2013CANChris Mason11
50%
2007-2010CANDan Ellis110
50%
1998-2007CZETomáš Vokoun383
50%
2021-presentCANConnor Ingram3
33%
2021-presentCZEDavid Rittich17
33%
2013-2017CZEMarek Mazanec31
33%
2010-2012SWEAnders Lindbäck38
17%
2013-2016CANCarter Hutton75
17%
2013-2014CANDevan Dubnyk2
17%
2020-2021FINKasimir Kaskisuo1
17%
1998-2003USAMike Dunham217
17%
2002-2006CANBrian Finley2
0%
1998-1999CANEric Fichaud9
0%
2001-2003SVKJán Lašák6
0%
2013-2014SWEMagnus Hellberg1
0%
2010-2011CANMark Dekanich1
0%
2006-2007CANMichael Leighton1
0%
2002-2003CANWade Flahetty1
0%

Score Distribution

Percentile by Number Answered

Percent of People with Each Score

Your Score History

You have not taken this quiz